Web Graphics Tools Techniques

Salvato in:
Dettagli Bibliografici
Autore principale: Kentie, Peter (Autore)
Natura: Libro
Lingua:inglese
Pubblicazione: Berkeley : Peachpit Press, 1997
Soggetti:
Tags: Aggiungi Tag
Nessun Tag, puoi essere il primo ad aggiungerne!!

MARC

LEADER 00000nam a22000003a 4500
001 stu89680
005 20150617225623.5
008 040825s1997----xxu-----------------eng-d
020 |a 0-201-68813-1 
040 |a STU  |b slo 
041 0 |a eng 
044 |a xxu 
080 |a 681.324 
100 1 |a Kentie, Peter  |4 aut 
245 1 |a Web Graphics Tools Techniques 
260 |a Berkeley :  |b Peachpit Press,  |c 1997 
300 |a 311 s 
650 7 |a WWW  |2 stusub 
650 7 |a internet  |2 stusub 
996 |b M 30649  |c M*9952-1  |l MMKN  |s A  |a 24  |w stu89680_0001